[Event "Collado Villalba op-A 36th"]
[Site "Collado Villalba"]
[Date "2019.08.30"]
[Round "8"]
[White "Cepeda Delgado, Camilo Jose"]
[Black "Prada Lopez, Miguel Angel"]
[Result "0-1"]
[WhiteElo "2157"]
[BlackElo "2110"]
[PlyCount "126"]
[EventDate "2019.08.23"]
[EventType "swiss"]
[EventRounds "9"]
[EventCountry "ESP"]
[SourceTitle "CBM 192 Extra"]
[Source "Chessbase"]
[SourceDate "2019.11.06"]
[SourceVersion "1"]
[SourceVersionDate "2019.11.06"]
[SourceQuality "1"]

1. d4 Nf6 2. c4 e6 3. Nc3 Bb4 4. Qb3 c5 5. dxc5 Nc6 6. Nf3 Ne4 7. Bd2 Nxd2 8. Nxd2 Qa5 9. e3 0-0 10. Be2 Qxc5 11. 0-0 Bxc3 12. Qxc3 d5 13. Nb3 Qb4 14. Rac1 dxc4 15. Qxb4 Nxb4 16. Rxc4 Nd5 17. Bf3 b6 18. Bxd5 exd5 19. Rc7 Ba6 20. Rfc1 Rfc8 21. f3 Bc4 22. Rxc8+ Rxc8 23. Nd4 a5 24. Kf2 Kf8 25. Ke1 Rc5 26. b3 Ba6 27. Rxc5 bxc5 28. Nc6 a4 29. bxa4 Ke8 30. Kd2 f6 31. Kc3 Bf1 32. g3 Kd7 33. Na5 Be2 34. f4 Bd1 35. Nb3 Kc6 36. Na5+ Kb6 37. Nb3 Kc6 38. h4 g6 39. Kd2 Bg4 40. Nc1 Kb6 41. Nd3 Bc8 42. Kc3 Ba6 43. Nf2 Be2 44. g4 Ka5 45. f5 gxf5 46. g5 fxg5 47. hxg5 Kxa4 48. Nh3 Bh5 49. Nf4 Bf7 50. Nd3 Kb5 51. Ne5 Be8 52. Nd3 Kb6 53. Ne5 Kc7 54. Nd3 Kd6 55. a3 Bb5 56. Nf4 Ke5 57. a4 Bxa4 58. Nd3+ Kd6 59. Nf4 Be8 60. Kd3 Ke5 61. Ng2 Bb5+ 62. Kd2 d4 63. exd4+ cxd4 0-1

[Event "Collado Villalba op-A 36th"]
[Site "Collado Villalba"]
[Date "2019.08.29"]
[Round "7"]
[White "Lopez de Turiso, Jose Angel"]
[Black "Cepeda Delgado, Camilo Jose"]
[Result "1/2-1/2"]
[WhiteElo "1945"]
[BlackElo "2157"]
[PlyCount "43"]
[EventDate "2019.08.23"]
[EventType "swiss"]
[EventRounds "9"]
[EventCountry "ESP"]
[SourceTitle "CBM 192 Extra"]
[Source "Chessbase"]
[SourceDate "2019.11.06"]
[SourceVersion "1"]
[SourceVersionDate "2019.11.06"]
[SourceQuality "1"]

1. e4 e6 2. d4 d5 3. exd5 exd5 4. Nf3 Bd6 5. c4 c6 6. cxd5 cxd5 7. Nc3 Ne7 8. Nb5 0-0 9. Nxd6 Qxd6 10. Bd3 Nbc6 11. 0-0 Bf5 12. Bxf5 Nxf5 13. Qd3 Qf6 14. b3 Nfxd4 15. Nxd4 Qxd4 16. Qxd4 Nxd4 17. Rd1 Nc2 18. Rb1 Nb4 19. a3 Nc6 20. Rxd5 Rfd8 21. Rxd8+ Rxd8 22. Be3 1/2-1/2

[Event "Madrid-chT 1011"]
[Site "Madrid"]
[Date "2011.02.13"]
[Round "10.25"]
[White "Fernandez Lledo, Javier"]
[Black "Cepeda Delgado, Camilo Jose"]
[Result "1/2-1/2"]
[WhiteElo "2138"]
[BlackElo "2187"]
[PlyCount "88"]
[EventDate "2010.11.21"]
[EventType "team-tourn"]
[EventRounds "14"]
[EventCountry "ESP"]
[SourceTitle "EXT 2012"]
[Source "ChessBase"]
[SourceDate "2011.11.24"]
[SourceVersion "1"]
[SourceVersionDate "2011.11.24"]
[SourceQuality "1"]
[WhiteTeam "Pueblo Nuevo"]
[BlackTeam "Collado Villalba"]
[WhiteTeamCountry "ESP"]
[BlackTeamCountry "ESP"]

1. e4 e6 2. d4 d5 3. Nd2 Nf6 4. e5 Ne4 5. Bd3 Nxd2 6. Bxd2 c5 7. dxc5 Nc6 8. Qe2 Bxc5 9. c3 Qc7 10. Nf3 Bd7 11. b4 Be7 12. Rc1 Rc8 13. 0-0 0-0 14. Bf4 Qd8 15. h4 f6 16. b5 Nxe5 17. Bxe5 fxe5 18. Nxe5 Qe8 19. c4 Bf6 20. Rfd1 Bxe5 21. Qxe5 Qf7 22. Qe3 Qf4 23. Qxf4 Rxf4 24. g3 Rff8 25. cxd5 exd5 26. f4 b6 27. Bf1 Be6 28. Bg2 Rxc1 29. Rxc1 d4 30. a3 Rc8 31. Rxc8+ Bxc8 32. Bd5+ Kf8 33. Kf2 Bf5 34. Kf3 Ke7 35. Be4 g6 36. g4 Bd7 37. Bd3 Be6 38. h5 gxh5 39. g5 Bd5+ 40. Kg3 Kf7 41. Kh4 Bf3 42. Kg3 Bd5 43. Kh4 Bf3 44. Kg3 Bd5 1/2-1/2

[Event "Madrid-chT 1011"]
[Site "Madrid"]
[Date "2011.02.06"]
[Round "9.35"]
[White "Cepeda Delgado, Camilo Jose"]
[Black "Gemy Vargas, Jose Daniel"]
[Result "1/2-1/2"]
[WhiteElo "2187"]
[BlackElo "2316"]
[PlyCount "134"]
[EventDate "2010.11.21"]
[EventType "team-tourn"]
[EventRounds "14"]
[EventCountry "ESP"]
[SourceTitle "EXT 2012"]
[Source "ChessBase"]
[SourceDate "2011.11.24"]
[SourceVersion "1"]
[SourceVersionDate "2011.11.24"]
[SourceQuality "1"]
[WhiteTeam "Collado Villalba"]
[BlackTeam "La Casa del Ajedrez"]
[WhiteTeamCountry "ESP"]
[BlackTeamCountry "ESP"]

1. d4 d5 2. c4 c6 3. cxd5 cxd5 4. Nc3 Nc6 5. Nf3 Nf6 6. Bf4 a6 7. e3 Bg4 8. Rc1 e6 9. Qb3 Bxf3 10. gxf3 Ra7 11. Be2 Bd6 12. Bxd6 Qxd6 13. 0-0 0-0 14. Na4 b5 15. Nc5 e5 16. dxe5 Nxe5 17. Rfd1 Rc7 18. Nd3 Nc4 19. Qb4 Qb6 20. b3 Nd6 21. Rxc7 Qxc7 22. Qc5 Qxc5 23. Nxc5 a5 24. Nd7 Nxd7 25. Rxd5 a4 26. Rxd6 axb3 27. Rxd7 b2 28. Rd1 Rc8 29. Bd3 Rc1 30. Rf1 Kf8 31. f4 Ke7 32. f3 Kd6 33. Kf2 Kc5 34. a3 Kb6 35. Ke2 Ka5 36. Rd1 Ka4 37. Kd2 Rc5 38. e4 Kxa3 39. Bb1 Rh5 40. Kc3 Rc5+ 41. Kd3 Kb3 42. e5 b4 43. Ke2 Rc1 44. Kd2 Rc3 45. Re1 Ka4 46. f5 Rxf3 47. e6 fxe6 48. fxe6 Rf2+ 49. Re2 Rf8 50. e7 Re8 51. Bxh7 Ka3 52. Bb1 g5 53. h3 Kb3 54. Re4 Ka4 55. Kc2 Kb5 56. Kxb2 Kc6 57. Kb3 Kd6 58. Kxb4 Rxe7 59. Rd4+ Ke5 60. Kc3 Rc7+ 61. Kd3 Rc1 62. Bc2 Rxc2 63. Kxc2 Kxd4 64. Kd2 Ke4 65. Ke2 Kf4 66. Kf2 g4 67. hxg4 Kxg4 1/2-1/2

[Event "Madrid-chT 1011"]
[Site "Madrid"]
[Date "2011.01.16"]
[Round "6.44"]
[White "Martin Duque, Jesus"]
[Black "Cepeda Delgado, Camilo Jose"]
[Result "1/2-1/2"]
[WhiteElo "2115"]
[BlackElo "2187"]
[PlyCount "119"]
[EventDate "2010.11.21"]
[EventType "team-tourn"]
[EventRounds "14"]
[EventCountry "ESP"]
[SourceTitle "EXT 2012"]
[Source "ChessBase"]
[SourceDate "2011.11.24"]
[SourceVersion "1"]
[SourceVersionDate "2011.11.24"]
[SourceQuality "1"]
[WhiteTeam "Vallecas CDV"]
[BlackTeam "Collado Villalba"]
[WhiteTeamCountry "ESP"]
[BlackTeamCountry "ESP"]

1. e4 e6 2. d4 d5 3. Nc3 Bb4 4. Nge2 dxe4 5. a3 Be7 6. Nxe4 Nf6 7. N2g3 Nbd7 8. c3 0-0 9. Bd3 b6 10. 0-0 Bb7 11. Qe2 c5 12. dxc5 Nxc5 13. Nxc5 Bxc5 14. Rd1 Qc7 15. Be3 Qc6 16. f3 Rfd8 17. Bxc5 Qxc5+ 18. Qf2 Qg5 19. Qd2 Qe5 20. Qe2 Qf4 21. Qd2 Qc7 22. Qc2 Rd7 23. Rd2 Rad8 24. Rad1 g6 25. Bf1 Kg7 26. Kh1 Qf4 27. Rxd7 Rxd7 28. Rxd7 Nxd7 29. Ne2 Qe3 30. Qa4 Nc5 31. Qd4+ Qxd4 32. Nxd4 Na4 33. Kg1 Nxb2 34. Nb5 Na4 35. Nxa7 Nxc3 36. Nb5 Nxb5 37. Bxb5 g5 38. Kf2 Kf6 39. Ke3 Ke5 40. g3 f6 41. Bd3 h6 42. Bc2 Bd5 43. f4+ Kd6 44. Kd4 e5+ 45. fxe5+ fxe5+ 46. Ke3 Kc5 47. Bd3 Bc4 48. Bc2 Bf7 49. Bd3 Bd5 50. Be2 Kd6 51. h4 gxh4 52. gxh4 Ke6 53. Bd3 Kf6 54. Bc2 Bf7 55. Bd3 Bg6 56. Bc4 Bc2 57. Bf1 Kf5 58. Bh3+ Kg6 59. Bg4 Bf5 60. Be2 1/2-1/2

[Event "Madrid-chT 1011"]
[Site "Madrid"]
[Date "2010.12.12"]
[Round "3.45"]
[White "Cepeda Delgado, Camilo Jose"]
[Black "Fernandez Lledo, Javier"]
[Result "1-0"]
[WhiteElo "2187"]
[BlackElo "2138"]
[PlyCount "71"]
[EventDate "2010.11.21"]
[EventType "team-tourn"]
[EventRounds "14"]
[EventCountry "ESP"]
[SourceTitle "EXT 2012"]
[Source "ChessBase"]
[SourceDate "2011.11.24"]
[SourceVersion "1"]
[SourceVersionDate "2011.11.24"]
[SourceQuality "1"]
[WhiteTeam "Collado Villalba"]
[BlackTeam "Pueblo Nuevo"]
[WhiteTeamCountry "ESP"]
[BlackTeamCountry "ESP"]

1. d4 Nf6 2. c4 g6 3. Nc3 Bg7 4. e4 d6 5. f3 0-0 6. Be3 Nc6 7. Qd2 a6 8. Bd3 Rb8 9. Nge2 Bd7 10. 0-0 e5 11. d5 Ne7 12. c5 Ne8 13. b4 f5 14. b5 axb5 15. Nxb5 f4 16. Bf2 g5 17. Qb4 Rf6 18. Rfc1 Bf8 19. Nxc7 Nxc7 20. cxd6 Ncxd5 21. Bc4 Kg7 22. Qb2 Ng6 23. Bxd5 Bxd6 24. Ba7 b5 25. Bxb8 Qb6+ 26. Kh1 Bxb8 27. a4 Nh4 28. Ng1 b4 29. a5 Qb5 30. a6 Qb6 31. Rc4 b3 32. Rc3 Ba7 33. Rxb3 Qc5 34. Rb7 g4 35. Rxd7+ Kh6 36. Qxe5 1-0

[Event "Madrid-chT Honor"]
[Site "Madrid"]
[Date "2010.02.07"]
[Round "9"]
[White "Martinez Medina, Enrique"]
[Black "Cepeda Delgado, Camilo Jose"]
[Result "0-1"]
[WhiteElo "2175"]
[BlackElo "2141"]
[PlyCount "58"]
[EventDate "2009.11.22"]
[EventType "team-tourn"]
[EventRounds "13"]
[EventCountry "ESP"]
[SourceTitle "EXT 2011"]
[Source "ChessBase"]
[SourceDate "2010.11.26"]
[SourceVersion "1"]
[SourceVersionDate "2010.11.26"]
[SourceQuality "1"]

1. c4 e6 2. g3 f5 3. Bg2 Nf6 4. d3 Bb4+ 5. Nd2 0-0 6. Ngf3 d6 7. 0-0 Bxd2 8. Bxd2 Nc6 9. b4 Rb8 10. b5 Ne7 11. Qb3 Nd7 12. Be3 b6 13. d4 h6 14. a4 a5 15. Qa3 Bb7 16. Rac1 Nf6 17. Nd2 Bxg2 18. Kxg2 Rc8 19. Qc3 Qe8 20. f3 Qh5 21. Bf2 g5 22. e4 g4 23. exf5 exf5 24. f4 d5 25. Rfe1 Rfe8 26. Re6 Qf7 27. Rce1 Ne4 28. R6xe4 fxe4 29. cxd5 Nxd5 0-1